000 00721nam a2200241Ia 4500
003 OSt
005 20221005073510.0
006 a|||||r|||| 00| 0
007 ta
008 221004b |||||||| |||| 00| 0 eng d
024 _a61681
037 _cTextual
040 _aCRL
_cCRL
_beng
041 _2eng
_aeng
082 _aR691, N0
100 _aChattopadhyaya Debi Prasad Ed.
_9608071
245 0 _aCarvaka/Lokayata
_b An anthology of source materials and some recent studies
260 _aNew Delhi
_bIndian council of philosophical research India
_c1990
300 _a543p.
_ccm.
650 _aPHILOSOPHY
942 _hR691, N0
_cTEXL
_2cc
999 _c981257
_d981257